[Event "Rated Blitz game"]
[Site "?"]
[Date "2021.11.18"]
[Round "?"]
[White "leoniko1963"]
[Black "blastol"]
[Result "1-0"]
[WhiteElo "2528"]
[BlackElo "2513"]
[PlyCount "155"]
[EventDate "2021.??.??"]
[EventType "blitz"]

1. e4 e5 2. Nf3 d5 3. Nxe5 Bd6 4. d4 dxe4 5. Nc4 h6 6. Nc3 Nf6 7. Be2 Nc6 8.
Nxd6+ Qxd6 9. Be3 a6 10. Qd2 O-O 11. O-O-O b5 12. f3 Bf5 13. g4 exf3 14. Bxf3
Bxg4 15. Qg2 Bxf3 16. Qxf3 b4 17. Ne2 Qd5 18. Qxd5 Nxd5 19. Bf2 Rae8 20. Ng3 f5
21. Rhg1 Kh7 22. Nh5 g6 23. Ng3 f4 24. Nf1 Re2 25. Be1 f3 26. Bg3 f2 27. Rg2 g5
28. Rd2 Re1+ 29. Rd1 Rxd1+ 30. Kxd1 Nxd4 31. Rxf2 Rxf2 32. Bxf2 Ne6 33. Nd2 Kg6
34. Ke2 h5 35. Kf3 Kf5 36. Nc4 g4+ 37. Ke2 Nef4+ 38. Kf1 Nh3 39. Bc5 h4 40. Nd2
g3 41. hxg3 hxg3 42. Kg2 Kg4 43. Ne4 Ndf4+ 44. Kf1 g2+ 45. Ke1 Kf3 46. Nd2+ Kg3
47. Ne4+ Kf3 48. Nd2+ Kg4 49. Ne4 g1=Q+ 50. Bxg1 Nxg1 51. Kd2 Nf3+ 52. Ke3 Ne5
53. c3 a5 54. cxb4 axb4 55. Nd2 Nd5+ 56. Kd4 Nf3+ 57. Nxf3 Kxf3 58. Kxd5 Ke3
59. Kc4 Ke4 60. Kxb4 Kd5 61. a4 Kc6 62. Kc4 Kb6 63. b4 Ka6 64. Kc5 Kb7 65. b5
Kc8 66. a5 Kb8 67. Kc6 Kc8 68. a6 Kb8 69. a7+ Kxa7 70. Kxc7 Ka8 71. Kb6 Kb8 72.
Ka6 Ka8 73. b6 Kb8 74. b7 Kc7 75. Ka7 Kc6 76. b8=Q Kd7 77. Qb6 Ke7 78. Qc6 {
Time forfeit} 1-0

[Event "Rated Blitz game"]
[Site "?"]
[Date "2021.11.18"]
[Round "?"]
[White "Gligoric16"]
[Black "Fantastic_power06"]
[Result "0-1"]
[WhiteElo "2590"]
[BlackElo "2779"]
[PlyCount "26"]
[EventDate "2021.??.??"]
[EventType "blitz"]

1. e4 e5 2. Nf3 d5 3. exd5 e4 4. Ne5 Qxd5 5. d4 exd3 6. Nxd3 Nf6 7. Nc3 Qf5 8.
Be2 Bd6 9. Be3 Nc6 10. Qd2 Be6 11. h3 O-O-O 12. g4 Qa5 13. a3 Ne5 {Normal} 0-1

[Event "Rated Blitz game"]
[Site "?"]
[Date "2021.11.18"]
[Round "?"]
[White "Davigator"]
[Black "Roberto_Baggio1978"]
[Result "0-1"]
[WhiteElo "2462"]
[BlackElo "2624"]
[PlyCount "132"]
[EventDate "2021.??.??"]
[EventType "blitz"]

1. e4 e5 2. Nf3 d5 3. Nxe5 Bd6 4. d4 dxe4 5. Nc4 Nf6 6. Be2 O-O 7. Be3 Nc6 8.
h3 Ne7 9. Nc3 Ned5 10. Nxd5 Nxd5 11. Qd2 Be6 12. Nxd6 Qxd6 13. c4 Nxe3 14. Qxe3
f5 15. O-O-O b5 16. d5 Bf7 17. c5 Qe5 18. Qd4 Qf4+ 19. Kb1 Rfd8 20. d6 cxd6 21.
cxd6 b4 22. g3 Qh6 23. Qxb4 Rab8 24. Qa3 Rb6 25. Qxa7 Rdb8 26. Qa3 Qe6 27. Rd2
Qd7 28. Rc1 h6 29. Rc7 Qe6 30. d7 Kh7 31. Bd1 Rd8 32. Bb3 Qf6 33. Bxf7 Qxf7 34.
Qc5 Ra6 35. b3 e3 36. fxe3 Qg6 37. Qc4 f4+ 38. e4 Re6 39. gxf4 Rxe4 40. Qc2
Re1+ 41. Kb2 Re4 42. Rd4 Rxd4 43. f5 Qd6 44. f6+ g6 45. f7 Kg7 46. Qc3 Qf6 47.
Rc6 Rd2+ 48. Kc1 Qxc3+ 49. Rxc3 R2xd7 50. a4 Rxf7 51. Kb2 Rf2+ 52. Ka3 Rdf8 53.
a5 g5 54. a6 h5 55. Rc5 R2f6 56. Rxg5+ Kh6 57. Ra5 Ra8 58. Kb4 Rfxa6 59. Rf5
Rb8+ 60. Kc3 Rab6 61. h4 Rxb3+ 62. Kc2 Kg6 63. Rg5+ Kh6 64. Rc5 Rb2+ 65. Kd3
R2b5 66. Rc6+ Kh7 {Time forfeit} 0-1

[Event "Rated Blitz game"]
[Site "?"]
[Date "2021.11.18"]
[Round "?"]
[White "Kastorcito"]
[Black "Futuregm03pro"]
[Result "0-1"]
[WhiteElo "2766"]
[BlackElo "2707"]
[PlyCount "90"]
[EventDate "2021.??.??"]
[EventType "blitz"]

1. e4 e5 2. Nf3 d5 3. Nxe5 Bd6 4. d4 dxe4 5. Nc4 Nf6 6. Nc3 O-O 7. Bg5 Be7 8.
Be2 Nbd7 9. Qd2 Nb6 10. Ne5 Nbd5 11. O-O c5 12. Rad1 Nxc3 13. Qxc3 Nd5 14. Bxe7
Nxc3 15. Bxd8 Nxe2+ 16. Kh1 Rxd8 17. dxc5 Be6 18. Rfe1 Nd4 19. c3 Nc6 20. Nxc6
bxc6 21. b3 f5 22. h4 Kf7 23. c4 a5 24. Kh2 Kf6 25. Kg3 Ke5 26. f4+ Kf6 27. Kf2
Ke7 28. Ke3 Rxd1 29. Rxd1 Rd8 30. Rxd8 Kxd8 31. Kd4 Ke7 32. a3 Bf7 33. g3 Bh5
34. b4 axb4 35. axb4 Be2 36. Kc3 Kf6 37. Kd4 Ke6 38. Kc3 h6 39. Kd4 Kf6 40. Kc3
Bf1 41. Kd4 Ke7 42. Kc3 Kd7 43. Kd4 Kc7 44. Kc3 e3 45. h5 Kb7 {Normal} 0-1

[Event "Rated Blitz game"]
[Site "?"]
[Date "2021.11.18"]
[Round "?"]
[White "aniket-118"]
[Black "Moskvin_Tolik"]
[Result "0-1"]
[WhiteElo "2433"]
[BlackElo "2467"]
[PlyCount "100"]
[EventDate "2021.??.??"]
[EventType "blitz"]

1. e4 e5 2. Nf3 d5 3. exd5 e4 4. Nd4 Qxd5 5. Nb3 Nf6 6. Nc3 Qe5 7. Be2 Nc6 8.
d4 exd3 9. Qxd3 Bf5 10. Qb5 Qxb5 11. Nxb5 O-O-O 12. c3 Be4 13. f3 Bg6 14. O-O
a6 15. N5d4 Nxd4 16. cxd4 Bc2 17. Bc4 Nd5 18. Rf2 Bxb3 19. Bxb3 Be7 20. Bd2 Bf6
21. Bc3 Rhe8 22. Rd2 Re7 23. Kf2 Nxc3 24. bxc3 c5 25. Rad1 Red7 26. d5 Bxc3 27.
Rc2 Bb4 28. d6 Rxd6 29. Rxd6 Rxd6 30. Bxf7 b5 31. a4 Kc7 32. axb5 axb5 33. g4
Kb6 34. f4 c4 35. h4 Rd4 36. Kf3 Bd2 37. f5 Kc5 38. g5 b4 39. Bxc4 Rxc4 40.
Rxd2 Rxh4 41. Rd7 b3 42. Rxg7 b2 43. Rc7+ Kd4 44. Rd7+ Kc3 45. Rd1 Kc2 46. Rf1
b1=Q 47. Rxb1 Kxb1 48. f6 Ra4 49. f7 Ra8 50. Kg4 Rf8 {Time forfeit} 0-1

[Event "Rated Blitz game"]
[Site "?"]
[Date "2021.11.18"]
[Round "?"]
[White "chessuriel"]
[Black "rofaidah"]
[Result "1-0"]
[WhiteElo "2481"]
[BlackElo "2481"]
[PlyCount "113"]
[EventDate "2021.??.??"]
[EventType "blitz"]

1. e4 e5 2. Nf3 d5 3. Nxe5 Qe7 4. d4 f6 5. Ng4 dxe4 6. Nc3 Nc6 7. d5 Ne5 8.
Nxe5 Qxe5 9. Bb5+ Bd7 10. Bxd7+ Kxd7 11. Qe2 Rd8 12. Be3 a6 13. Qc4 Kc8 14.
O-O-O f5 15. f4 Qd6 16. g4 g6 17. Bd4 Nf6 18. Be5 Qb6 19. g5 Ng4 20. Bd4 Qd6
21. Bxh8 Qxf4+ 22. Kb1 Ne3 23. Qe2 Nxd1 24. Rxd1 Qxg5 25. Be5 Bd6 26. Bxd6 Rxd6
27. Na4 e3 28. Nc5 f4 29. Ne4 Qe5 30. Nxd6+ cxd6 31. Qf3 g5 32. h3 Kb8 33. c4
h5 34. a3 Qf5+ 35. Ka2 g4 36. hxg4 hxg4 37. Qe2 Qe4 38. Re1 g3 39. Rf1 Ka7 40.
Rf3 Kb8 41. b3 Ka7 42. a4 Kb8 43. Ka3 Ka7 44. Ka2 Kb8 45. Kb2 Ka7 46. Kc3 Kb8
47. Rxg3 Qe5+ 48. Kd3 fxg3 49. Qg4 Qc3+ 50. Kxc3 e2 51. Qxe2 Ka7 52. Qg2 b5 53.
Qxg3 b4+ 54. Kxb4 a5+ 55. Kb5 Kb7 56. Qxd6 Kc8 57. Qc6+ {Time forfeit} 1-0

[Event "Rated Blitz game"]
[Site "?"]
[Date "2021.11.18"]
[Round "?"]
[White "Tuzlukov_Daniil1982"]
[Black "RCompany_1"]
[Result "1-0"]
[WhiteElo "2527"]
[BlackElo "2389"]
[PlyCount "59"]
[EventDate "2021.??.??"]
[EventType "blitz"]

1. e4 e5 2. Nf3 d5 3. d4 dxe4 4. Nxe5 Bd6 5. Bf4 Nf6 6. Bc4 O-O 7. O-O Nc6 8.
Nc3 Qe7 9. Bg5 Nxe5 10. Nd5 Nxd5 11. Bxe7 Nxc4 12. Bxf8 Kxf8 13. b3 Ncb6 14. c4
Nb4 15. c5 Nd3 16. cxd6 cxd6 17. d5 Nxd5 18. Qd2 Be6 19. f3 Bf5 20. Qg5 g6 21.
g4 e3 22. gxf5 e2 23. fxg6 exf1=Q+ 24. Rxf1 N3f4 25. Qh6+ Ke7 26. gxh7 Ng6 27.
Qg7 Ndf4 28. Re1+ Ne6 29. Rxe6+ Kxe6 30. Qg8 {Normal} 1-0

[Event "Rated Blitz tournament 89JAqUUj"]
[Site "?"]
[Date "2021.11.18"]
[Round "?"]
[White "RobertGutierez_UNMSM"]
[Black "CaroyinixDiscomix"]
[Result "0-1"]
[WhiteElo "2405"]
[BlackElo "2390"]
[PlyCount "150"]
[EventDate "2021.??.??"]
[EventType "blitz"]

1. e4 e5 2. Nf3 d5 3. Nxe5 Bd6 4. d4 dxe4 5. Nc4 Nf6 6. c3 Bf5 7. Bg5 h6 8. Ne3
Bh7 9. Bxf6 Qxf6 10. Nd5 Qf5 11. Ne3 Qf6 12. Nd2 Nd7 13. Ndc4 O-O 14. Nd5 Qd8
15. Nxd6 cxd6 16. Bc4 Rc8 17. Bb3 Kh8 18. O-O f5 19. Qh5 Nf6 20. Nxf6 Qxf6 21.
Rae1 f4 22. Bd5 Bg6 23. Qh3 Rce8 24. Bxb7 f3 25. gxf3 exf3 26. Rxe8 Rxe8 27.
Qxf3 Qg5+ 28. Qg2 Qf6 29. Bf3 Bd3 30. Rd1 Ba6 31. b3 Qe7 32. Qg4 Bc8 33. Qg3
Bf5 34. c4 Qf6 35. d5 Re5 36. c5 Qe7 37. c6 Kh7 38. Bg2 Bc2 39. Rf1 Bd3 40. Rc1
Re1+ 41. Bf1 Rxc1 42. Qxd3+ Kh8 43. Qd2 Qg5+ 44. Qxg5 hxg5 45. b4 Kg8 46. a4
Kf8 47. Kg2 Ke7 48. Bb5 Kd8 49. Ba6 Kc7 50. b5 Ra1 51. Kg3 Rxa4 52. f3 Rh4 53.
h3 g6 54. b6+ axb6 55. Bd3 Rd4 56. Bxg6 Rxd5 57. Be4 Rc5 58. Kg4 b5 59. Bd3 b4
60. f4 gxf4 61. Kxf4 Rd5 62. Be4 Rh5 63. Ke3 Rxh3+ 64. Kd4 Rh4 65. Kd5 Rxe4 66.
Kxe4 Kxc6 67. Kd4 d5 68. Kd3 Kc5 69. Kc2 Kc4 70. Kb2 d4 71. Kb1 Kc3 72. Kc1 b3
73. Kb1 d3 74. Kc1 b2+ 75. Kd1 b1=Q# {Normal} 0-1

[Event "Rated Blitz game"]
[Site "?"]
[Date "2021.11.18"]
[Round "?"]
[White "LhakpaLa"]
[Black "rubengilmondelo64"]
[Result "0-1"]
[WhiteElo "2409"]
[BlackElo "2250"]
[PlyCount "88"]
[EventDate "2021.??.??"]
[EventType "blitz"]

1. e4 e5 2. Nf3 d5 3. d3 dxe4 4. dxe4 Qxd1+ 5. Kxd1 Bg4 6. c3 Nc6 7. Kc2 O-O-O
8. Be2 f5 9. exf5 Bxf5+ 10. Kb3 Nf6 11. Bg5 Bc5 12. Be3 Bxe3 13. fxe3 Nd5 14.
Re1 Nxe3 15. Na3 Nxg2 16. Rg1 Nf4 17. Bb5 Na5+ 18. Ka4 b6 19. Nxe5 Rd5 20. b4
Rxe5 21. bxa5 g6 22. Nc4 Re4 23. axb6 axb6 24. Ba6+ Kb8 25. Rab1 Ka7 26. Bb5
Nd5 27. Kb3 Be6 28. Rbe1 Ne3 29. Rxe3 Rxe3 30. a4 Re4 31. Kb4 c6 32. Ra1 cxb5
33. axb5+ Kb7 34. Kb3 Ra8 35. Re1 Rxe1 36. Kb4 Re4 37. Kb3 Rxc4 38. h3 Rf8 39.
h4 Rf3 40. h5 g5 41. h6 g4 42. Kb2 Rcxc3 43. Kb1 Rf2 44. Ka1 Rc1# {Normal} 0-1

[Event "Rated Blitz game"]
[Site "?"]
[Date "2021.11.18"]
[Round "?"]
[White "bdg48266"]
[Black "RCompany_1"]
[Result "1-0"]
[WhiteElo "2474"]
[BlackElo "2392"]
[PlyCount "101"]
[EventDate "2021.??.??"]
[EventType "blitz"]

1. e4 e5 2. Nf3 d5 3. Nxe5 Bd6 4. d4 dxe4 5. Nc3 Bxe5 6. dxe5 Qxd1+ 7. Nxd1 Nc6
8. Bf4 Nge7 9. Nc3 Bf5 10. O-O-O Ng6 11. Bg3 h5 12. h3 h4 13. Bh2 Ngxe5 14. Nb5
Rc8 15. Nxa7 Nxa7 16. Bxe5 O-O 17. Bc4 Rfe8 18. Bc3 Be6 19. Be2 c5 20. b3 b5
21. Bg4 f5 22. Bh5 Red8 23. Rxd8+ Rxd8 24. Rd1 Rxd1+ 25. Kxd1 b4 26. Bb2 Nb5
27. Be2 Nd6 28. a4 Nb7 29. Be5 Kf7 30. Bb5 g5 31. Bc7 Bd5 32. Ke2 Ke6 33. a5
Nd6 34. Ba4 c4 35. Bb6 cxb3 36. cxb3 Bb7 37. Bc5 Ba6+ 38. Ke1 Nb5 39. Bxb4 f4
40. Bc5 Kd5 41. Be7 e3 42. fxe3 fxe3 43. Bxg5 Ke4 44. b4 Nd4 45. Bxh4 Kd3 46.
Bf6 Ne6 47. h4 Nf4 48. Bc6 e2 49. b5 Bc8 50. a6 Ke3 51. Bg5 {Time forfeit} 1-0

[Event "Rated Blitz game"]
[Site "?"]
[Date "2021.11.18"]
[Round "?"]
[White "AlPacino91"]
[Black "Futuregm03pro"]
[Result "1/2-1/2"]
[WhiteElo "2636"]
[BlackElo "2705"]
[PlyCount "124"]
[EventDate "2021.??.??"]
[EventType "blitz"]

1. e4 e5 2. Nf3 d5 3. Nxe5 Bd6 4. d4 dxe4 5. Nc4 Nf6 6. Nxd6+ Qxd6 7. Be2 O-O
8. O-O Nc6 9. c3 Ne7 10. Nd2 Be6 11. Nc4 Bxc4 12. Bxc4 Ng6 13. Bg5 h6 14. Bxf6
Qxf6 15. Qg4 Rae8 16. Rfe1 Nf4 17. g3 Nd3 18. Re2 c5 19. dxc5 Nxc5 20. Rae1 Rd8
21. b4 Qxc3 22. Bxf7+ Rxf7 23. bxc5 Qxc5 24. Qxe4 Rdf8 25. Rf1 Kh8 26. Rc2 Qb6
27. Kg2 Qf6 28. Re2 b6 29. f4 Rd7 30. Rff2 Rfd8 31. Qe6 Qd4 32. h4 Qc3 33. Rf3
Rd3 34. Rxd3 Qxd3 35. h5 Qd5+ 36. Qxd5 Rxd5 37. g4 Rd3 38. a4 Rd4 39. a5 Rxf4
40. Kg3 Rb4 41. axb6 axb6 42. Re8+ Kh7 43. Rb8 Rb1 44. Kg2 Rb3 45. Kh2 Rb2+ 46.
Kg3 b5 47. Kh3 Rb3+ 48. Kg2 Rb4 49. Kg3 Rb1 50. Kg2 b4 51. Kh2 Rb3 52. Kg2 Rb1
53. Kh2 Rb2+ 54. Kg3 Rb3+ 55. Kh2 Rb1 56. Kg3 Rg1+ 57. Kh3 Rb1 58. Kg3 b3 59.
Kh3 Rb2 60. Kg3 Rb1 61. Kg2 Rb2+ 62. Kg3 Rb1 {Normal} 1/2-1/2

[Event "Rated Blitz game"]
[Site "?"]
[Date "2021.11.18"]
[Round "?"]
[White "alphazerohuman"]
[Black "lavilaine"]
[Result "1-0"]
[WhiteElo "2411"]
[BlackElo "2403"]
[PlyCount "45"]
[EventDate "2021.??.??"]
[EventType "blitz"]

1. e4 e5 2. Nf3 d5 3. exd5 e4 4. Qe2 f5 5. d3 Nf6 6. dxe4 fxe4 7. Nc3 Bb4 8.
Bg5 Bxc3+ 9. bxc3 Qxd5 10. Bxf6 gxf6 11. Rd1 Qc6 12. Qe3 O-O 13. Nd4 Qa4 14.
Bb5 Qxa2 15. O-O c6 16. Ra1 Qf7 17. Ba4 c5 18. Nb5 Be6 19. Nd6 Qg6 20. Nxe4 Nc6
21. Nxc5 Bd5 22. Qg3 Qxg3 23. hxg3 {Normal} 1-0

[Event "Rated Rapid game"]
[Site "?"]
[Date "2021.11.18"]
[Round "?"]
[White "Rambo1998"]
[Black "ATAydin"]
[Result "0-1"]
[WhiteElo "2379"]
[BlackElo "2400"]
[PlyCount "64"]
[EventDate "2021.??.??"]
[EventType "rapid"]

1. e4 e5 2. Nf3 d5 3. Nxe5 Bd6 4. d4 dxe4 5. Nc4 Nf6 6. Nc3 O-O 7. Bg5 Be7 8.
Qd2 Nc6 9. O-O-O Bg4 10. Be2 Bxe2 11. Nxe2 Qd5 12. Bxf6 Bxf6 13. Ne3 Qxa2 14.
c3 Na5 15. Kc2 c5 16. Ra1 Qb3+ 17. Kb1 Qb5 18. Nd5 Nb3 19. Nxf6+ gxf6 20. Qh6
Qd3+ 21. Ka2 Nxa1 22. Nf4 Qa6+ 23. Kb1 Kh8 24. Nh5 Rg8 25. Nxf6 Rg7 26. Re1
cxd4 27. Rxe4 dxc3 28. bxc3 Nb3 29. Rg4 Qd3+ 30. Kb2 Rxg4 31. Nxg4 Qe2+ 32.
Kxb3 Qxg4 {Normal} 0-1

[Event "Rated Blitz game"]
[Site "?"]
[Date "2021.11.18"]
[Round "?"]
[White "mutman"]
[Black "blastol"]
[Result "1-0"]
[WhiteElo "2456"]
[BlackElo "2531"]
[PlyCount "91"]
[EventDate "2021.??.??"]
[EventType "blitz"]

1. e4 e5 2. Nf3 d5 3. Nxe5 Bd6 4. d4 dxe4 5. Nc3 Nf6 6. Be2 O-O 7. O-O Re8 8.
Bg5 Nbd7 9. Nxe4 Bxe5 10. dxe5 Rxe5 11. Bxf6 gxf6 12. Ng3 Rg5 13. h4 Rg6 14.
Bd3 Rh6 15. Qg4+ Kf8 16. Nf5 Rg6 17. Qh5 Ne5 18. Qxh7 Nxd3 19. Qh8+ Rg8 20.
Qh6+ Ke8 21. Ng7+ Rxg7 22. Qxg7 Ne5 23. Rad1 Qe7 24. f4 Ng4 25. Rfe1 Be6 26.
Qg8+ Qf8 27. Qxg4 Qc5+ 28. Kh2 Kf8 29. Qf3 Qxc2 30. Qxb7 Re8 31. Rc1 Qh7 32.
Qxc7 Qxh4+ 33. Kg1 Kg7 34. f5 Qd4+ 35. Kf1 Qd3+ 36. Kg1 Qd4+ 37. Kf1 Qd3+ 38.
Kf2 Qd4+ 39. Kg3 Qd3+ 40. Kf2 Qxf5+ 41. Kg1 Qg5 42. Qxa7 Bd5 43. Qf2 Rh8 44.
Rc3 Qh5 45. Rg3+ Kf8 46. Qc5# {Normal} 1-0

[Event "Rated Blitz game"]
[Site "?"]
[Date "2021.11.18"]
[Round "?"]
[White "Prof1chess"]
[Black "blastol"]
[Result "1-0"]
[WhiteElo "2684"]
[BlackElo "2542"]
[PlyCount "53"]
[EventDate "2021.??.??"]
[EventType "blitz"]

1. e4 e5 2. Nf3 d5 3. exd5 Bd6 4. Nc3 Nf6 5. Bb5+ c6 6. dxc6 bxc6 7. Bc4 e4 8.
Ng5 O-O 9. d3 exd3 10. Qxd3 Qe7+ 11. Be3 Bf4 12. O-O-O Bxe3+ 13. Qxe3 Qc7 14.
Rhe1 Bd7 15. Qe7 Qf4+ 16. Qe3 Qxc4 17. Rd4 Qa6 18. Nce4 Nxe4 19. Qxe4 g6 20.
Nxh7 Kxh7 21. Qe5 f6 22. Qe7+ Kg8 23. Rh4 Rf7 24. Qd8+ Rf8 25. Rh8+ Kxh8 26.
Qxf8+ Kh7 27. Re7# {Normal} 1-0

[Event "Rated Blitz game"]
[Site "?"]
[Date "2021.11.17"]
[Round "?"]
[White "Josefinoo1"]
[Black "RiskyBlitzer"]
[Result "0-1"]
[WhiteElo "2447"]
[BlackElo "2507"]
[PlyCount "64"]
[EventDate "2021.??.??"]
[EventType "blitz"]

1. e4 e5 2. Nf3 d5 3. Bc4 dxc4 4. Nxe5 Qd4 5. Nf3 Qxe4+ 6. Kf1 Bd6 7. Nc3 Qe7
8. d3 Be6 9. Bg5 f6 10. Bh4 Nc6 11. Qd2 O-O-O 12. Re1 Qd7 13. d4 Bb4 14. a3
Bxc3 15. Qxc3 Bd5 16. Rd1 Nge7 17. Bg3 Nf5 18. h3 Nxg3+ 19. fxg3 Qf5 20. Kf2 h5
21. Rhe1 g5 22. Kg1 Bxf3 23. gxf3 h4 24. g4 Qf4 25. Re2 Rxd4 26. Rf1 Ne5 27.
Rg2 Rhd8 28. Qe1 Rd1 29. Qxd1 Rxd1 30. Rxd1 Nxf3+ 31. Kh1 Ne5 32. Rgd2 b5 {
Normal} 0-1

[Event "Rated Blitz game"]
[Site "?"]
[Date "2021.11.17"]
[Round "?"]
[White "ReySolis"]
[Black "Annali-annaliew1979"]
[Result "0-1"]
[WhiteElo "2378"]
[BlackElo "2434"]
[PlyCount "102"]
[EventDate "2021.??.??"]
[EventType "blitz"]

1. e4 e5 2. Nf3 d5 3. exd5 e4 4. Qe2 f5 5. d3 Nf6 6. Bg5 Be7 7. dxe4 fxe4 8.
Nfd2 O-O 9. Nc3 Bf5 10. O-O-O Nbd7 11. h3 a6 12. g4 Bg6 13. Bg2 b5 14. Be3 Re8
15. Ncxe4 Nxe4 16. Nxe4 Bxe4 17. Bxe4 Bd6 18. Bg2 Qf6 19. Kb1 Nb6 20. g5 Qe5
21. Qg4 Nc4 22. Bc1 Rad8 23. h4 a5 24. h5 a4 25. Bf1 a3 26. b3 Nb2 27. Bxb5
Nxd1 28. Rxd1 Rf8 29. Bd3 Rxf2 30. g6 h6 31. Qh4 Rdf8 32. Qh3 Qf6 33. Qd7 Bf4
34. Bxa3 Bd6 35. Bb2 Qe7 36. Qc6 Ba3 37. Ba1 Qd6 38. Qc4 R2f4 39. Qc3 Qd7 40.
d6 cxd6 41. Bc4+ Kh8 42. Bf7 R4xf7 43. gxf7 Qxf7 44. Qe3 Kh7 45. Qd3+ Qf5 46.
Qa6 Bc5 47. Qc4 Qxh5 48. a4 Qxd1+ 49. Ka2 Rf2 50. Qd3+ Qxd3 51. Kb2 Qxc2# {
Normal} 0-1

[Event "Rated Blitz game"]
[Site "?"]
[Date "2021.11.17"]
[Round "?"]
[White "Nadigraj"]
[Black "theblitzsociety"]
[Result "0-1"]
[WhiteElo "2724"]
[BlackElo "2599"]
[PlyCount "104"]
[EventDate "2021.??.??"]
[EventType "blitz"]

1. e4 e5 2. Nf3 d5 3. exd5 e4 4. Qe2 Nf6 5. d3 Qxd5 6. Nbd2 Be6 7. Nxe4 Nc6 8.
Nxf6+ gxf6 9. Qe4 O-O-O 10. Qxd5 Bxd5 11. Be2 Nb4 12. Kd1 Bc5 13. Be3 Bxe3 14.
fxe3 Rhe8 15. Kd2 c5 16. a3 Nc6 17. Rae1 c4 18. d4 b5 19. Rhf1 a5 20. Nh4 b4
21. axb4 axb4 22. Rxf6 c3+ 23. bxc3 bxc3+ 24. Kxc3 Rxe3+ 25. Kd2 Re4 26. Ba6+
Kc7 27. Rxe4 Bxe4 28. c3 Bd5 29. Bd3 h5 30. g3 Ra8 31. c4 Ra2+ 32. Ke3 Nb4 33.
cxd5 Nxd5+ 34. Ke4 Nxf6+ 35. Kf5 Rf2+ 36. Kg5 Ne8 37. Kxh5 Rxh2 38. Kg4 Rd2 39.
Be4 Rxd4 40. Kf3 Nd6 41. Bf5 Nxf5 42. Nxf5 Ra4 43. Nh6 Ra6 44. Nf5 Kd7 45. Kf4
Ke6 46. Nd4+ Kf6 47. Nf3 Ra4+ 48. Ke3 Kf5 49. Nh2 Ra3+ 50. Kf2 Ra2+ 51. Kg1 Ke4
52. Ng4 Kf3 {Normal} 0-1

[Event "Rated Blitz game"]
[Site "?"]
[Date "2021.11.17"]
[Round "?"]
[White "khatkevich71"]
[Black "batasjon"]
[Result "1-0"]
[WhiteElo "2464"]
[BlackElo "2436"]
[PlyCount "99"]
[EventDate "2021.??.??"]
[EventType "blitz"]

1. e4 e5 2. Nf3 d5 3. Nxe5 Bd6 4. d4 dxe4 5. Bc4 Bxe5 6. dxe5 Qxd1+ 7. Kxd1 Nc6
8. Bb5 Bg4+ 9. Ke1 O-O-O 10. Nd2 Nxe5 11. h3 Bf5 12. Nb3 Ne7 13. Be3 a6 14. Be2
Nd5 15. Nd4 Bg6 16. a3 f5 17. g3 Nxe3 18. fxe3 Rhe8 19. Rf1 Nf3+ 20. Bxf3 exf3
21. Kf2 c5 22. Nb3 b6 23. Rad1 Bh5 24. a4 a5 25. Nd2 Rd7 26. Nxf3 Rde7 27. Rfe1
Re4 28. b3 h6 29. Rd3 g5 30. Nd2 R4e6 31. Nc4 Kc7 32. Rd5 Bg6 33. Red1 f4 34.
Rd7+ Kc8 35. R7d6 fxg3+ 36. Kxg3 Bxc2 37. Nxb6+ Kc7 38. Rxe6 Rxe6 39. Rc1 Kxb6
40. Rxc2 Rxe3+ 41. Kg4 Rxb3 42. Rf2 Rb4+ 43. Kf5 Rh4 44. Rf3 Kc6 45. Kg6 Kd5
46. Rd3+ Kc4 47. Re3 Kb4 48. Re5 c4 49. Rb5+ Kxa4 50. Rc5 {Time forfeit} 1-0

[Event "Rated Blitz game"]
[Site "?"]
[Date "2021.11.17"]
[Round "?"]
[White "beyondbirthday"]
[Black "alteredboy"]
[Result "1-0"]
[WhiteElo "2394"]
[BlackElo "2454"]
[PlyCount "113"]
[EventDate "2021.??.??"]
[EventType "blitz"]

1. e4 e5 2. Nf3 d5 3. exd5 e4 4. Qe2 Nf6 5. Nc3 Qe7 6. d3 exf3 7. gxf3 Qxe2+ 8.
Bxe2 Bb4 9. Rg1 O-O 10. Bh6 Nxd5 11. Bxg7 Re8 12. Kf1 Bxc3 13. bxc3 f5 14. c4
Ne7 15. f4 Ng6 16. Bh6 Bd7 17. h4 Kf7 18. h5 Nf8 19. Rg7+ Kf6 20. Bf3 Bc6 21.
Bxc6 Nxc6 22. Rxc7 Rab8 23. Rb1 b6 24. Rxc6+ Ke7 25. Bxf8+ Rxf8 26. Rc7+ Kd6
27. Rxh7 Rg8 28. Rb5 Rbf8 29. Rxa7 Rg4 30. h6 Rxf4 31. h7 Rh4 32. Rxb6+ Kc5 33.
Rg6 f4 34. f3 Rh8 35. Rgg7 Kd4 36. a4 Ke3 37. Kg2 Rh5 38. c5 Rxc5 39. Rg8 Rxc2+
40. Kh3 Rxh7+ 41. Rxh7 Kxf3 42. Rf7 Rc1 43. Rg3+ Ke2 44. Rxf4 Rh1+ 45. Kg4 Rh7
46. d4 Rg7+ 47. Kh4 Rh7+ 48. Kg5 Rg7+ 49. Kf6 Rxg3 50. d5 Ke3 51. Rb4 Rg1 52.
d6 Rd1 53. Ke6 Kd3 54. d7 Kc3 55. Rb6 Rxd7 56. Kxd7 Kc4 57. Rb1 {Normal} 1-0

[Event "Rated Blitz tournament vP6CaoA7"]
[Site "?"]
[Date "2021.11.17"]
[Round "?"]
[White "slamena_michaeil"]
[Black "Siebenschlaefer"]
[Result "1/2-1/2"]
[WhiteElo "2385"]
[BlackElo "2423"]
[PlyCount "128"]
[EventDate "2021.??.??"]
[EventType "blitz"]

1. e4 e5 2. Nf3 d5 3. exd5 e4 4. Qe2 Nf6 5. d3 Bb4+ 6. Bd2 O-O 7. dxe4 Bxd2+ 8.
Nfxd2 Re8 9. f3 Nxd5 10. Qc4 Nc6 11. Nc3 Ne3 12. Qd3 Qxd3 13. Bxd3 Nxg2+ 14.
Kf2 Nf4 15. Nb5 Re7 16. h4 Be6 17. Rag1 Rd8 18. Ke3 Nxd3 19. cxd3 Red7 20. d4
Nxd4 21. Nxd4 Rxd4 22. Rg2 Rd3+ 23. Kf4 Rxd2 24. Rhg1 Rxg2 25. Rxg2 g6 26. b4
Kg7 27. a4 c6 28. Rb2 a6 29. b5 axb5 30. axb5 h5 31. bxc6 bxc6 32. Rb6 Rc8 33.
Ke5 c5 34. f4 c4 35. f5 gxf5 36. exf5 Bd7 37. f6+ Kg6 38. Rd6 c3 39. Rd1 c2 40.
Rg1+ Bg4 41. Rc1 Bd1 42. Kd6 Rc4 43. Kd5 Rxh4 44. Ke5 Rh1 45. Ra1 Re1+ 46. Kf4
Kxf6 47. Ra6+ Kg7 48. Rc6 h4 49. Rc5 h3 50. Kg3 Re3+ 51. Kh2 Kg6 52. Rc6+ f6
53. Rc8 Kg5 54. Rg8+ Kf4 55. Rc8 f5 56. Rc4+ Kf3 57. Rc5 Ke2 58. Rc4 Kd2 59.
Rd4+ Rd3 60. Rf4 c1=Q 61. Rf2+ Ke3 62. Rxf5 Qd2+ 63. Kg3 Ke4+ 64. Kh4 Kxf5 {
Normal} 1/2-1/2

[Event "Rated Blitz game"]
[Site "?"]
[Date "2021.11.17"]
[Round "?"]
[White "GameOfLuck"]
[Black "Glasauge72"]
[Result "0-1"]
[WhiteElo "2306"]
[BlackElo "2486"]
[PlyCount "56"]
[EventDate "2021.??.??"]
[EventType "blitz"]

1. e4 e5 2. Nf3 d5 3. exd5 e4 4. Qe2 Nf6 5. d3 Qxd5 6. Nbd2 Bf5 7. dxe4 Nxe4 8.
Nxe4 Qxe4 9. Qxe4+ Bxe4 10. Bf4 Bxf3 11. gxf3 Bd6 12. Bxd6 cxd6 13. O-O-O Kd7
14. Bh3+ Kc7 15. Rhe1 Nc6 16. b4 Rae8 17. b5 Ne5 18. f4 Nf3 19. Re3 Rxe3 20.
fxe3 Re8 21. Rd3 Nxh2 22. Rc3+ Kb6 23. a4 Nf3 24. e4 Nd4 25. Bd7 Rxe4 26. Kb2
Rxf4 27. Ka3 Ne6 28. Rc8 Nc5 {Normal} 0-1

[Event "Rated Blitz game"]
[Site "?"]
[Date "2021.11.17"]
[Round "?"]
[White "adamiva5"]
[Black "SerialDrinker"]
[Result "1-0"]
[WhiteElo "2419"]
[BlackElo "2279"]
[PlyCount "63"]
[EventDate "2021.??.??"]
[EventType "blitz"]

1. e4 e5 2. Nf3 d5 3. exd5 e4 4. Qe2 Nf6 5. d3 Be7 6. dxe4 O-O 7. Nc3 c6 8. d6
Bxd6 9. e5 Bb4 10. exf6 Re8 11. Be3 Qxf6 12. Qc4 a5 13. O-O-O Be6 14. Qd4 Qe7
15. Bc4 Na6 16. Bg5 Qc7 17. Bf4 Qe7 18. Rhe1 Rad8 19. Qb6 Bxc3 20. Bxe6 Rxd1+
21. Rxd1 Qxe6 22. bxc3 Qxa2 23. Qxb7 Nc5 24. Qb2 Qa4 25. Re1 Rxe1+ 26. Nxe1 h6
27. Be3 Ne6 28. Kb1 Qh4 29. h3 Qc4 30. Qb3 Qf1 31. Bd2 Qe2 32. Qb8+ {Time
forfeit} 1-0

[Event "Rated Blitz game"]
[Site "?"]
[Date "2021.11.17"]
[Round "?"]
[White "Galahad_Avis"]
[Black "Taabling"]
[Result "0-1"]
[WhiteElo "2385"]
[BlackElo "2540"]
[PlyCount "94"]
[EventDate "2021.??.??"]
[EventType "blitz"]

1. e4 e5 2. Nf3 d5 3. exd5 Bd6 4. Bc4 Nf6 5. O-O O-O 6. d3 a6 7. a4 b6 8. Nc3
Nbd7 9. h3 h6 10. Re1 Bb7 11. d4 e4 12. Nxe4 Nxe4 13. Rxe4 Nf6 14. Rh4 Bxd5 15.
Bxd5 Nxd5 16. c4 Be7 17. Rg4 Nf6 18. Rf4 Re8 19. Ne5 Bd6 20. Qe2 Qe7 21. Bd2
Bxe5 22. dxe5 Qxe5 23. Qxe5 Rxe5 24. Bc3 Re4 25. Rf3 Rxc4 26. Bxf6 gxf6 27.
Rxf6 Kg7 28. Rf3 Rd8 29. Re1 Rd7 30. b3 Rc2 31. Re4 Rc1+ 32. Kh2 Rc6 33. b4 Rf6
34. Rg4+ Rg6 35. Rc4 Rg5 36. Rfc3 Rd2 37. Kg1 Rd1+ 38. Kh2 Rd2 39. Kg1 Rf5 40.
Rxc7 Rfxf2 41. Rg3+ Kf8 42. Rb7 Rfe2 43. Rxb6 h5 44. Rxa6 Re1+ 45. Kh2 Rdd1 46.
Rg5 h4 47. g3 Re2# {Normal} 0-1